MARC

LEADER 00000nas a2200000 a 4500
001 ssj0000316
003 WaSeSS
005 20200512172242.0
006 m d
007 cr n
008 990922c19769999ncubr pss 0 a0eng c
010 |a sn 99004661  
022 |a 1527-1927  |l 0361-6878  |y 0361-6878 
035 |a (WaSeSS)ssj0000316 
037 |b Project Muse, The Johns Hopkins University Press, 2715 N. Charles Street, Baltimore, Maryland 21211 
040 |a JHE  |b eng  |c JHE  |d NSD  |d OCLCQ  |d F#A  |d MUQ  |d IUL  |d OCLCQ  |d OCLCO  |d OCLCQ  |d OCLCF  |d OCLCO  |d OCLCQ  |d OCLCO  |d OCLCQ  |d WT2  |d OCLCQ  |d BUF  |d MST  |d NTG  |d OCLCQ  |d TOF  |d AU@  |d OCLCO  |d WYU  |d AUD  |d U3W  |d VT2  |d OCLCO  |d OCLCQ  |d OCLCO  |d OCLCA  |d WaSeSS 
042 |a nsdp  |a pcc 
043 |a n-us--- 
050 4 |a RA395.A3 
060 0 0 |a W1 JO67BL 
082 1 0 |a 338  |2 13 
130 0 |a Journal of health politics, policy and law (Online) 
210 0 |a J. health polit. policy law  |b (Online) 
222 0 |a Journal of health politics, policy and law  |b (Online) 
245 1 0 |a Journal of health politics, policy and law  |h [electronic resource]. 
246 1 3 |a JHPPL 
260 |a Durham, N.C. :  |b Duke University Press 
310 |a Bimonthly 
362 1 |a Print began in 1976. 
506 |a License restrictions may limit access. 
538 |a Mode of access: World Wide Web. 
588 0 |a Vol. 24, no. 4 (Aug. 1999); title from publishers web site (Duke, viewed May 4, 2006). 
650 0 |a Medical policy  |z United States  |v Periodicals. 
650 0 |a Medical care  |z United States  |v Periodicals. 
650 0 |a Medical laws and legislation  |z United States  |v Periodicals. 
650 2 |a Health Policy. 
650 2 |a Politics. 
650 6 |a Politique sanitaire  |z États-Unis  |v Périodiques. 
650 6 |a Soins médicaux  |z États-Unis  |v Périodiques. 
650 6 |a Médecine  |x Droit  |z États-Unis  |v Périodiques. 
650 7 |a Medical care.  |2 fast  |0 (OCoLC)fst01013753 
650 7 |a Medical laws and legislation.  |2 fast  |0 (OCoLC)fst01014309 
650 7 |a Medical policy.  |2 fast  |0 (OCoLC)fst01014505 
651 2 |a United States. 
651 7 |a United States.  |2 fast  |0 (OCoLC)fst01204155 
655 0 |a Electronic journals. 
776 1 |t Journal of health politics, policy and law  |x 0361-6878  |w (DLC) 76646971  |w (OCoLC)2115780 
853 2 0 |8 1  |a v.  |b no.  |u 6  |v r  |i (year)  |j (month)  |w b  |x 02  |y pm02,04,06,08,10,12 
856 4 0 |z Full text available from Research Library: 10/01/1997 to 04/30/2000  |u https://search.proquest.com/publication/48126 
863 4 1 |8 1.1  |a <25>  |b <1>  |i <2000>  |j <02>